[Event "Pan American Intercollegiate-chT"]
[Site "Seattle"]
[Date "2023.01.08"]
[Round "6"]
[White "Grinberg, Eyal"]
[Black "Khanin, Semen"]
[Result "1-0"]
[WhiteElo "2491"]
[BlackElo "2567"]
[PlyCount "121"]
[EventDate "2023.01.05"]
[EventType "team-swiss"]
[EventRounds "6"]
[EventCountry "USA"]
[SourceTitle "CBM 212 Extra"]
[Source "ChessBase"]
[SourceDate "2023.03.31"]
[SourceVersion "1"]
[SourceVersionDate "2023.03.31"]
[SourceQuality "1"]
[WhiteTeam "Texas Dallas Univ"]
[BlackTeam "Texas Tech Univ"]
[WhiteTeamCountry "USA"]
[BlackTeamCountry "USA"]

1. e4 e5 2. Nf3 Nc6 3. Bb5 a6 4. Ba4 Nf6 5. 0-0 Be7 6. Re1 b5 7. Bb3 0-0 8. d3 d6 9. a4 Bb7 10. Bd2 Qd7 11. Nc3 Nd8 12. axb5 axb5 13. Rxa8 Bxa8 14. d4 Nc6 15. Nxb5 exd4 16. Ba4 Ne5 17. Nfxd4 Nc4 18. Nc3 Nxb2 19. Bxd7 Nxd1 20. Nd5 Bd8 21. Bc6 Bxc6 22. Nxc6 Nb2 23. Nxd8 Nxd5 24. exd5 Rxd8 25. Ba5 h6 26. Bxc7 Rd7 27. Re8+ Kh7 28. Rc8 Re7 29. f3 Nd1 30. h4 Re1+ 31. Kh2 Ne3 32. Bxd6 Re2 33. Kh3 Nxd5 34. c4 Rc2 35. c5 h5 36. Re8 f6 37. Re4 Kg6 38. g4 Rc3 39. Kg2 Rc2+ 40. Kf1 hxg4 41. fxg4 Rc1+ 42. Kf2 Rc2+ 43. Ke1 Kf7 44. h5 Rg2 45. Kf1 Rxg4 46. Rxg4 Ne3+ 47. Ke2 Nxg4 48. c6 Ke6 49. c7 Kd7 50. Kf3 f5 51. Kg3 Nh6 52. Kh4 Nf7 53. Bf4 Kc8 54. Kg3 Kd7 55. Kf3 Kc8 56. Ke3 Nh6 57. Be5 Kd7 58. Kf4 Nf7 59. Kxf5 Nh6+ 60. Kg6 Ng4 61. Kxg7 1-0

[Event "Chesterfield SPICE Cup op"]
[Site "Chesterfield"]
[Date "2022.12.20"]
[Round "4"]
[White "Grinberg, Eyal"]
[Black "Quesada Perez, Yuniesky"]
[Result "0-1"]
[WhiteElo "2491"]
[BlackElo "2583"]
[PlyCount "86"]
[EventDate "2022.12.18"]
[EventType "swiss"]
[EventRounds "9"]
[EventCountry "USA"]
[SourceTitle "CBM 212 Extra"]
[Source "ChessBase"]
[SourceDate "2023.03.31"]
[SourceVersion "1"]
[SourceVersionDate "2023.03.31"]
[SourceQuality "1"]

1. e4 e5 2. Nf3 Nc6 3. Bb5 Nf6 4. d3 d6 5. c3 Be7 6. 0-0 0-0 7. Re1 a6 8. Ba4 Re8 9. h3 h6 10. d4 b5 11. Bb3 Bf8 12. Nbd2 Bb7 13. a3 Nb8 14. Bc2 Nbd7 15. a4 g6 16. Bd3 c6 17. b3 Qc7 18. Bb2 Bg7 19. Qc2 Rad8 20. c4 bxa4 21. c5 exd4 22. cxd6 Qxd6 23. e5 Rxe5 24. Nxe5 Nxe5 25. Nc4 Nxc4 26. bxc4 c5 27. Qxa4 g5 28. Qd1 Qc6 29. f3 Qc7 30. Qe2 Nd7 31. Rad1 Ne5 32. Bc1 Bc6 33. Rf1 Re8 34. Qa2 Nxd3 35. Rxd3 Re6 36. Kh1 Qg3 37. Qd2 Be5 38. f4 Bxg2+ 39. Qxg2 Qxd3 40. fxe5 Rxe5 41. h4 Re2 42. Qa8+ Kg7 43. Qc8 Qe4+ 0-1

[Event "US Masters op"]
[Site "Charlotte"]
[Date "2022.11.27"]
[Round "8"]
[White "Torres Rosas, Luis Carlos"]
[Black "Grinberg, Eyal"]
[Result "0-1"]
[WhiteElo "2336"]
[BlackElo "2491"]
[PlyCount "78"]
[EventDate "2022.11.23"]
[EventType "swiss"]
[EventRounds "9"]
[EventCountry "USA"]
[SourceTitle "CBM 211 Extra"]
[Source "ChessBase"]
[SourceDate "2023.01.31"]
[SourceVersion "1"]
[SourceVersionDate "2023.01.31"]
[SourceQuality "1"]

1. d4 d5 2. c4 c6 3. Nf3 Nf6 4. Nc3 e6 5. Bg5 Nbd7 6. e3 Qa5 7. Nd2 Bb4 8. Qc2 e5 9. Bxf6 Nxf6 10. dxe5 Ne4 11. Nb3 Bxc3+ 12. bxc3 Qxc3+ 13. Qxc3 Nxc3 14. cxd5 Nxd5 15. Bc4 Nb6 16. Be2 Be6 17. Nc5 0-0-0 18. Nxe6 fxe6 19. 0-0 Rd2 20. Bg4 Re8 21. f4 Nd5 22. Rf2 Rxf2 23. Kxf2 b5 24. Bf3 Kc7 25. Bxd5 exd5 26. Rd1 Rd8 27. g4 a5 28. f5 b4 29. h4 a4 30. Kf3 c5 31. g5 c4 32. f6 gxf6 33. exf6 b3 34. axb3 cxb3 35. Ke2 Kd6 36. e4 b2 37. Rxd5+ Kc6 38. Rxd8 b1Q 39. Kf3 a3 0-1

[Event "US Masters op"]
[Site "Charlotte"]
[Date "2022.11.26"]
[Round "6"]
[White "Burke, John M"]
[Black "Grinberg, Eyal"]
[Result "1/2-1/2"]
[WhiteElo "2580"]
[BlackElo "2491"]
[PlyCount "66"]
[EventDate "2022.11.23"]
[EventType "swiss"]
[EventRounds "9"]
[EventCountry "USA"]
[SourceTitle "CBM 211 Extra"]
[Source "ChessBase"]
[SourceDate "2023.01.31"]
[SourceVersion "1"]
[SourceVersionDate "2023.01.31"]
[SourceQuality "1"]

1. e4 c5 2. Nf3 d6 3. d4 cxd4 4. Nxd4 Nf6 5. Nc3 a6 6. Be3 e5 7. Nb3 Be6 8. f3 h5 9. Be2 Nbd7 10. f4 Rc8 11. f5 Bc4 12. Bxc4 Rxc4 13. Qd3 Qc7 14. Nd2 Rc6 15. 0-0-0 Be7 16. h3 h4 17. Rhg1 Qa5 18. Kb1 Nc5 19. Nc4 Qb4 20. Bxc5 Qxc5 21. Ne3 Nh5 22. Ned5 Bg5 23. Qf3 f6 24. Rge1 Kf7 25. a3 a5 26. a4 Ng3 27. Rd3 Rhc8 28. Qd1 Qf2 29. Rg1 Kf8 30. Rf3 Qd2 31. Rd3 Qf2 32. Rf3 Qd2 33. Rd3 Qf2 1/2-1/2

[Event "US Masters op"]
[Site "Charlotte"]
[Date "2022.11.26"]
[Round "7"]
[White "Grinberg, Eyal"]
[Black "Cordova, Emilio"]
[Result "0-1"]
[WhiteElo "2491"]
[BlackElo "2561"]
[PlyCount "128"]
[EventDate "2022.11.23"]
[EventType "swiss"]
[EventRounds "9"]
[EventCountry "USA"]
[SourceTitle "CBM 211 Extra"]
[Source "ChessBase"]
[SourceDate "2023.01.31"]
[SourceVersion "1"]
[SourceVersionDate "2023.01.31"]
[SourceQuality "1"]

1. e4 e6 2. d4 d5 3. Nd2 c5 4. exd5 Qxd5 5. dxc5 Bxc5 6. Ngf3 Nf6 7. Bc4 Qd7 8. 0-0 a6 9. a4 Qc7 10. Qe2 Nc6 11. Nb3 Bd6 12. h3 b6 13. Re1 0-0 14. Bg5 Bb7 15. Rad1 Rfe8 16. c3 h6 17. Bxf6 gxf6 18. Nbd4 f5 19. Bd3 Bf4 20. Nc2 Kh8 21. Kh1 Rg8 22. Rg1 Ne7 23. Nce1 Rg6 24. Bc4 Ng8 25. Rd4 Nf6 26. Nd3 Ne4 27. Nxf4 Qxf4 28. Bd3 Bc6 29. Bxe4 fxe4 30. Nh2 e5 31. Rb4 b5 32. axb5 axb5 33. Ng4 Rag8 34. Qe3 Re6 35. c4 bxc4 36. Rxc4 f5 37. Nh2 Qxe3 38. fxe3 Bb5 39. Rc2 Bd3 40. Rf2 Rf8 41. Nf1 Kg7 42. Ng3 Kg6 43. Ne2 Ref6 44. g3 h5 45. Nc3 Rd8 46. Ra1 Ra6 47. Rxa6+ Bxa6 48. Na4 h4 49. gxh4 f4 50. Nc5 Rd1+ 51. Kh2 Bf1 52. Nxe4 fxe3 53. Nc3 Rd2 54. Rxd2 exd2 55. Kg3 Be2 56. h5+ Bxh5 57. b4 d1Q 58. Nxd1 Bxd1 59. b5 Ba4 60. b6 Bc6 61. Kg4 Bb7 62. h4 Bc8+ 63. Kf3 Kf5 64. h5 Bb7+ 0-1

[Event "Texas Collegiate Super Finals"]
[Site "Richardson"]
[Date "2022.10.22"]
[Round "1"]
[White "Matviishen, Viktor"]
[Black "Grinberg, Eyal"]
[Result "1-0"]
[WhiteElo "2524"]
[BlackElo "2503"]
[PlyCount "53"]
[EventDate "2022.10.22"]
[EventType "swiss"]
[EventRounds "4"]
[EventCountry "USA"]
[SourceTitle "EXT 2024"]
[Source "ChessBase"]
[SourceDate "2023.10.10"]
[SourceVersion "1"]
[SourceVersionDate "2023.10.10"]
[SourceQuality "1"]

1. e4 c5 2. Nf3 d6 3. d4 cxd4 4. Nxd4 Nf6 5. Nc3 a6 6. a4 Nc6 7. Nxc6 bxc6 8. a5 g6 9. e5 dxe5 10. Qxd8+ Kxd8 11. Na4 Nd5 12. Bd2 Kc7 13. c4 Nf4 14. Be3 Bf5 15. Bb6+ Kc8 16. g3 Ne6 17. Bg2 Rb8 18. 0-0 Nd4 19. Rfe1 f6 20. f4 e6 21. fxe5 fxe5 22. Rxe5 Nc2 23. Rd1 Bg7 24. Bxc6 Nb4 25. Rc5 Rxb6 26. Nxb6+ Kb8 27. Rd7 1-0

[Event "Los Angeles Labor Day GM"]
[Site "Los Angeles"]
[Date "2022.09.01"]
[Round "2"]
[White "Grinberg, Eyal"]
[Black "Kevlishvili, Robby"]
[Result "1/2-1/2"]
[WhiteElo "2500"]
[BlackElo "2532"]
[PlyCount "82"]
[EventDate "2022.09.01"]
[EventType "tourn"]
[EventRounds "9"]
[EventCountry "USA"]
[EventCategory "8"]
[SourceTitle "CBM 210 Extra"]
[Source "ChessBase"]
[SourceDate "2022.11.30"]
[SourceVersion "1"]
[SourceVersionDate "2022.11.30"]
[SourceQuality "1"]

1. e4 c5 2. Nf3 d6 3. d4 cxd4 4. Nxd4 Nf6 5. Nc3 a6 6. Be2 e5 7. Nb3 Be7 8. Qd3 0-0 9. 0-0 Be6 10. Rd1 Nbd7 11. Nd5 Bxd5 12. exd5 Rc8 13. c4 a5 14. Bd2 b6 15. Be1 Nc5 16. Nxc5 bxc5 17. Qc2 Ra8 18. Rd3 Qd7 19. Ra3 Bd8 20. Bd1 Bb6 21. Qe2 g6 22. Ba4 Qc8 23. Bd2 Nh5 24. Bh6 Ng7 25. f4 f6 26. Rf1 Ra7 27. Raf3 Rff7 28. Bxg7 Kxg7 29. f5 g5 30. Rh3 Kg8 31. Rh5 Rg7 32. Rh6 Qf8 33. Rh3 Bd8 34. Rb3 Rab7 35. Rxb7 Rxb7 36. Bc6 Rb8 37. Rf3 Qf7 38. Qc2 Qh5 39. Rb3 Rb4 40. Bb5 Qh4 41. Qf2 Rxb3 1/2-1/2

[Event "Pan American Intercollegiate-chT"]
[Site "Dulles"]
[Date "2022.01.08"]
[Round "5.4"]
[White "Grinberg, Eyal"]
[Black "Beukes, Dante M"]
[Result "1/2-1/2"]
[WhiteElo "2492"]
[BlackElo "2138"]
[PlyCount "110"]
[EventDate "2022.01.06"]
[EventType "team-swiss"]
[EventRounds "6"]
[EventCountry "USA"]
[SourceTitle "EXT 2023"]
[Source "ChessBase"]
[SourceDate "2022.10.05"]
[SourceVersion "1"]
[SourceVersionDate "2022.10.05"]
[SourceQuality "1"]
[WhiteTeam "Texas Dallas Univ II"]
[BlackTeam "Texas Rio Grande Valley Univ II"]
[WhiteTeamCountry "USA"]
[BlackTeamCountry "USA"]

1. e4 c5 2. Nf3 d6 3. d4 cxd4 4. Nxd4 Nf6 5. Nc3 a6 6. Be2 e5 7. Nb3 Be7 8. Qd3 0-0 9. 0-0 Be6 10. Rd1 Nbd7 11. Nd5 Bxd5 12. exd5 Rc8 13. c4 Ne8 14. Bd2 b6 15. Bg4 g6 16. Bxd7 Qxd7 17. Be3 Qd8 18. Nd2 a5 19. a3 Nf6 20. b4 Ng4 21. bxa5 Nxe3 22. fxe3 bxa5 23. Rab1 Qc7 24. Rb5 Qa7 25. Rdb1 Rc7 26. c5 dxc5 27. Nc4 Qa6 28. Qe4 Rd7 29. Nxe5 Rd6 30. Nc6 Bd8 31. Qc4 Rxc6 32. dxc6 Qxc6 33. Qxc5 Qe6 34. Rb8 Be7 35. Rxf8+ Kxf8 36. Qd4 Bf6 37. Qd3 Kg7 38. e4 h5 39. Qd5 Qa6 40. Rb7 Kh6 41. Rxf7 Qb6+ 42. Kf1 Qb1+ 43. Ke2 Bg5 44. Rf3 Qc2+ 45. Kf1 Bd2 46. g3 Qc1+ 47. Kg2 Be3 48. Qe5 Qd2+ 49. Kh3 Qd7+ 50. Rf5 gxf5 51. exf5 Bg5 52. Qxa5 Bf6 53. Qc5 Kg5 54. Kg2 Qd2+ 55. Qf2 Qxf2+ 1/2-1/2

[Event "FIDE World Uni Rapid-B 1st"]
[Site "Tornelo INT"]
[Date "2021.03.21"]
[Round "9"]
[White "Grinberg, Eyal"]
[Black "Oparin, Grigoriy"]
[Result "0-1"]
[WhiteElo "2491"]
[BlackElo "2652"]
[PlyCount "90"]
[EventDate "2021.03.20"]
[EventType "swiss (rapid)"]
[EventRounds "12"]
[EventCountry "NET"]
[SourceTitle "CBM 201 Extra"]
[Source "ChessBase"]
[SourceDate "2021.05.31"]
[SourceVersion "1"]
[SourceVersionDate "2021.05.31"]
[SourceQuality "1"]

1. e4 e5 2. Nf3 Nc6 3. Bb5 Nf6 4. d3 d6 5. c3 g6 6. 0-0 Bd7 7. Re1 Bg7 8. h3 0-0 9. d4 a6 10. Ba4 Qe8 11. Nbd2 Nxd4 12. cxd4 Bxa4 13. b3 Bc6 14. dxe5 Nd7 15. Bb2 Nxe5 16. Qc2 Nd3 17. Qxd3 Bxb2 18. Rab1 Bg7 19. Nc4 Qe7 20. Na5 Bb5 21. Qc2 b6 22. Nc6 Qd7 23. Nb4 c5 24. Nd5 Qb7 25. b4 Rac8 26. bxc5 Rxc5 27. Qd1 Bc6 28. Rxb6 Rxd5 29. Qb1 Qc7 30. exd5 Bxd5 31. Rc1 Qd8 32. Rxa6 Bxf3 33. gxf3 Qg5+ 34. Kf1 Qh5 35. Kg2 Qg5+ 36. Kf1 Qf4 37. Kg2 Be5 38. Rac6 Qh2+ 39. Kf1 Re8 40. Qe4 Qxh3+ 41. Ke2 d5 42. Qe3 Kg7 43. Kd2 Qf5 44. Qd3 Bf4+ 45. Kc2 Re2+ 0-1

[Event "FIDE World Uni Blitz-B 1st"]
[Site "Tornelo INT"]
[Date "2021.03.13"]
[Round "8.5"]
[White "Ali Marandi, Cemil Can"]
[Black "Grinberg, Eyal"]
[Result "1-0"]
[WhiteElo "2543"]
[BlackElo "2491"]
[PlyCount "87"]
[EventDate "2021.03.13"]
[EventType "swiss (blitz)"]
[EventRounds "10"]
[EventCountry "NET"]
[SourceTitle "EXT 2022"]
[Source "ChessBase"]
[SourceDate "2021.10.06"]
[SourceVersion "1"]
[SourceVersionDate "2021.10.06"]
[SourceQuality "1"]

1. d4 d5 2. Bf4 Nf6 3. e3 c6 4. Nd2 Bg4 5. Be2 Bxe2 6. Qxe2 Nbd7 7. Ngf3 e6 8. 0-0 Be7 9. c4 0-0 10. Rfe1 h6 11. e4 dxe4 12. Nxe4 Nxe4 13. Qxe4 Nf6 14. Qc2 Qb6 15. Rad1 Rad8 16. h3 Rd7 17. Be3 Qa6 18. Ne5 Rdd8 19. b3 Nd7 20. Nd3 Nf6 21. Qe2 Rd6 22. Nc5 Qb6 23. d5 cxd5 24. Nxe6 Qc6 25. Nxf8 Bxf8 26. Qf3 dxc4 27. Rxd6 Qxd6 28. bxc4 Qc7 29. Bd4 Qxc4 30. Bxf6 gxf6 31. Re8 Qc1+ 32. Kh2 Qc5 33. a4 b6 34. Qg4+ Kh7 35. f4 f5 36. Qh5 Kg7 37. Re5 Qc1 38. Rxf5 Qc4 39. Qg4+ Kh8 40. Rf6 Bg7 41. Rd6 Qe4 42. Rd7 Kg8 43. Rxa7 h5 44. Ra8+ 1-0

[Event "FIDE World Uni Blitz-B 1st"]
[Site "Tornelo INT"]
[Date "2021.03.13"]
[Round "5.4"]
[White "Grinberg, Eyal"]
[Black "Delgado Romero, Marco"]
[Result "0-1"]
[WhiteElo "2491"]
[BlackElo "2282"]
[PlyCount "78"]
[EventDate "2021.03.13"]
[EventType "swiss (blitz)"]
[EventRounds "10"]
[EventCountry "NET"]
[SourceTitle "EXT 2022"]
[Source "ChessBase"]
[SourceDate "2021.10.06"]
[SourceVersion "1"]
[SourceVersionDate "2021.10.06"]
[SourceQuality "1"]

1. e4 c5 2. Nf3 g6 3. c4 Bg7 4. d4 cxd4 5. Nxd4 Nc6 6. Be3 Nf6 7. Nc3 Ng4 8. Qxg4 Nxd4 9. Qd1 Ne6 10. Rc1 Qa5 11. Qd2 b6 12. Be2 Bb7 13. f3 g5 14. b3 h5 15. Nd5 Qxd2+ 16. Kxd2 Be5 17. g3 h4 18. Bf2 f6 19. Rcf1 hxg3 20. hxg3 Kf7 21. Bd3 Bc6 22. a4 Nd4 23. Bxd4 Bxd4 24. f4 gxf4 25. gxf4 Rag8 26. Ne3 e6 27. Ke2 Rxh1 28. Rxh1 Bxe3 29. Kxe3 Rg3+ 30. Ke2 f5 31. Rh7+ Kg8 32. Rh2 fxe4 33. Bc2 Kg7 34. b4 a5 35. b5 Bb7 36. Kd2 d5 37. cxd5 exd5 38. f5 d4 39. Bb3 Rxb3 0-1